000 00557cam a22002051 4500
001 sa 64000787
003 DLC
005 20260227111958.0
008 890801s1963 ii ab 000 0 hino
010 _asa 64000787
035 _a(OCoLC)20111237
040 _aDLC
_cWaU
_dDLC
050 0 0 _aGB55
_b.T56
100 1 _aTivārī, Viśvanātha,
_d1914-
245 1 0 _aPrākr̥tika bhūgola kā svarūpa.
260 _c[1963]
300 _a7, 448 p.
_billus., maps, diagrs., tables.
_c25 cm.
500 _aIn Hindi.
650 0 _aPhysical geography
_vTextbooks.
999 _c56412
_d56412